Exposición sobre el estado de la Hacienda Pública 1999
সংরক্ষণ করুন:
| প্রধান লেখক: | |
|---|---|
| বিন্যাস: | গ্রন্থ |
| ভাষা: | স্প্যানিশ |
| প্রকাশিত: |
Santiago
Ministerio de Hacienda
1999
|
| বিষয়গুলি: | |
| ট্যাগগুলো: |
ট্যাগ যুক্ত করুন
কোনো ট্যাগ নেই, প্রথমজন হিসাবে ট্যাগ করুন!
|
MARC
| LEADER | 00000nam a2200000 a 4500 | ||
|---|---|---|---|
| 001 | UCP9199 | ||
| 003 | CL-VaPUC | ||
| 008 | 000324e19990000CL |||||||||||||||||spa|d | ||
| 082 | 0 | 4 | |a 351.72 |b ANI |2 21 |
| 100 | 0 | |a Aninat Ureta, Eduardo |e author |9 439624 | |
| 245 | 1 | 0 | |a Exposición sobre el estado de la Hacienda Pública 1999 |
| 300 | |a 87 p | ||
| 942 | |c BK | ||
| 945 | |d 20000324 00:00:00 |a rbrito | ||
| 260 | |a Santiago |b Ministerio de Hacienda |c 1999 | ||
| 650 | 0 | |a Política económica |9 255029 | |
| 650 | 0 | |a Economía |9 255568 | |
| 650 | 0 | |a Macroeconomía |9 260301 | |
| 650 | 0 | |a Pobreza |9 258652 | |
| 650 | 0 | |a Política social |9 257588 | |
| 651 | 7 | |a CHILE |2 CL-VaPUC |9 439625 | |
| 583 | |a last modification |c 20000324 00:00:00 |k Rodrigo Vera | ||
| 999 | |c 286039 |d 286037 | ||
| 952 | |0 0 |1 0 |4 0 |6 351_720000000000000_ANI_1999 |7 0 |8 A |9 331285 |a BIBGIM |b BIBGIM |d 2019-11-20 |i 3588149 |o 351.72 ANI 1999 |p 3588149 |r 2025-01-15 |w 2019-11-20 |y BK |k GIM | ||